| 000 | 00655nam a2200253Ia 4500 | ||
|---|---|---|---|
| 003 | OSt | ||
| 005 | 20220918163423.0 | ||
| 006 | a|||||r|||| 00| 0 | ||
| 007 | ta | ||
| 008 | 220917b |||||||| |||| 00| 0 eng d | ||
| 020 | _a0 7145 3416 8 | ||
| 024 | _a338 | ||
| 037 | _cTextual | ||
| 040 |
_aARTS _cARTS _beng |
||
| 041 |
_2eng _aeng |
||
| 082 | _aO111,20aY:6, L6 | ||
| 100 |
_aFiges Eva _913043 |
||
| 245 | 0 | _aTragedy and social evolution | |
| 260 |
_aLondon _bJohn Calder UK _c1976 |
||
| 300 |
_a170p. _ccm. |
||
| 650 | _aENGLISH LITERATURE | ||
| 942 |
_hO111,20aY:6, L6 _cTEXL _2CC |
||
| 999 |
_c119499 _d119499 |
||